[Event "AUTO-MASTER-886"]
[Site "http://www.queenalice.com/game.php?id=641580"]
[Date "2009.8.24"]
[Round "1"]
[White "rheenz"]
[Black "wickedhardcore"]
[Result "1-0"]
[WhiteElo "2099"]
[BlackElo "2003"]

1. c4 g6 2. Nf3 Bg7 3. Nc3 Nf6 4. g3 c5 5. Bg2 Nc6 6. O-O O-O 7. d4 cxd4 8. Nxd4
d6 9. Nxc6 bxc6 10. Bxc6 Qc7 11. Bxa8 1-0

[Event "AUTO-MASTER-886"]
[Site "http://www.queenalice.com/game.php?id=641581"]
[Date "2009.8.24"]
[Round "1"]
[White "wickedhardcore"]
[Black "Thyba"]
[Result "0-1"]
[WhiteElo "1991"]
[BlackElo "2026"]

1. e4 c5 2. Nc3 Nc6 3. Bb5 d6 4. f4 Bd7 5. Nf3 a6 6. Be2 Nf6 7. O-O g6 8. d4
cxd4 9. Nxd4 Qb6 10. Be3 Qxb2 11. Na4 Qb4 12. c3 Qa5 13. Nxc6 Bxc6 14. Bb6 Qxa4
0-1

[Event "AUTO-MASTER-886"]
[Site "http://www.queenalice.com/game.php?id=641582"]
[Date "2009.8.24"]
[Round "1"]
[White "Thyba"]
[Black "wickedhardcore"]
[Result "1/2-1/2"]
[WhiteElo "2086"]
[BlackElo "1961"]

1. d4 Nf6 2. c4 g6 3. e3 Bg7 4. Bd3 O-O 5. Ne2 d5 6. Nbc3 c6 7. O-O Nbd7 8. Qc2
Re8 9. cxd5 cxd5 10. Bd2 Nb6 11. a4 Bd7 12. Nf4 e6 13. Nb5 Bxb5 14. Bxb5 Re7 15.
Ba5 Rc7 16. Qe2 Rac8 17. Bxb6 axb6 18. Bd3 Ne4 19. Bxe4 dxe4 20. Qb5 Rc2 21. Ne2
R2c6 22. Nc3 f5 23. Rfd1 Bf6 24. d5 Rc5 25. dxe6 Rxb5 26. Rxd8+ Rxd8 27. Nxb5
Bxb2 28. Rb1 Kf8 29. Kf1 Be5 30. Na3 Bc7 31. Nc4 h5 32. Nxb6 Bxb6 33. Rxb6 Ke7
34. Rxb7+ Kxe6 35. Ke2 Ra8 36. Rb4 g5 37. Kd2 Rd8+ 38. Rd4 Ra8 39. Kc3 Ke5 40.
Kb3 f4 41. Kb4 g4 42. a5 h4 43. Kb5 g3 44. hxg3 hxg3 45. fxg3 fxe3 46. Rd1 Rb8+
47. Kc4 e2 48. Re1 Rb2 49. Kc3 Ra2 50. a6 Rxa6 51. Rxe2 Ra3+ 52. Kd2 Rxg3 53.
Ke1 e3 54. Kd1 Kd4 55. Kc2 Kc4 56. Kd1 1/2-1/2

[Event "AUTO-ADV-1305"]
[Site "http://www.queenalice.com/game.php?id=643414"]
[Date "2009.8.27"]
[Round "2"]
[White "Twinigo"]
[Black "wickedhardcore"]
[Result "1-0"]
[WhiteElo "2131"]
[BlackElo "1973"]

1. Nf3 Nf6 2. c4 c5 3. g3 Nc6 4. Bg2 g6 5. O-O Bg7 6. d4 cxd4 7. Nxd4 Nxd4 8.
Qxd4 O-O 9. Nc3 d6 10. Qd1 Bd7 11. Bxb7 Rb8 12. Bg2 Qc7 13. Qd3 Bf5 14. e4 Be6
15. b3 Ng4 16. f4 Qc5+ 17. Kh1 Nf2+ 18. Rxf2 Qxf2 19. Bd2 Qb6 20. Re1 a6 21. f5
Bd7 22. Nd5 Qd8 23. Bg5 f6 24. Be3 g5 25. Bf3 e6 26. fxe6 Bxe6 27. h4 g4 28. Be2
h5 29. Nf4 Bf7 30. Rf1 Qe7 31. Nd5 Bxd5 32. Qxd5+ Kh8 33. Rf5 Kh7 34. Rxh5+ Kg6
35. Bxg4 1-0

[Event "AUTO-ADV-1305"]
[Site "http://www.queenalice.com/game.php?id=643415"]
[Date "2009.8.27"]
[Round "2"]
[White "wickedhardcore"]
[Black "Twinigo"]
[Result "0-1"]
[WhiteElo "1976"]
[BlackElo "2123"]

1. e4 e5 2. Nf3 Nc6 3. Bc4 Nf6 4. Ng5 Bc5 5. Bxf7+ Ke7 6. Bb3 Rf8 7. O-O h6 8.
Nf3 g5 9. Nc3 d6 10. Nd5+ Ke8 11. Nxf6+ Rxf6 12. c3 g4 13. Nh4 Rxf2 0-1

[Event "AUTO-ADV-1305"]
[Site "http://www.queenalice.com/game.php?id=643416"]
[Date "2009.8.27"]
[Round "2"]
[White "Bernobr"]
[Black "wickedhardcore"]
[Result "0-1"]
[WhiteElo "2011"]
[BlackElo "1943"]

1. e4 c5 2. Nc3 g6 3. g3 Bg7 4. d3 Nc6 5. Bg2 d6 6. f4 Nf6 7. Nf3 O-O 8. O-O Bg4
9. h3 Bd7 10. Be3 Qc8 11. Kh2 a6 12. a4 Nb4 13. g4 Bxg4 14. e5 dxe5 15. fxe5
Bxf3 16. Rxf3 Nfd5 17. Nxd5 Nxd5 18. Bf2 Bxe5+ 19. Bg3 Bxg3+ 20. Kxg3 Qc7+ 21.
Kf2 e5 22. Qd2 Nf4 23. Rf1 Rad8 24. Qc3 Rd4 0-1

[Event "AUTO-ADV-1305"]
[Site "http://www.queenalice.com/game.php?id=643417"]
[Date "2009.8.27"]
[Round "2"]
[White "wickedhardcore"]
[Black "Bernobr"]
[Result "0-1"]
[WhiteElo "1932"]
[BlackElo "1961"]

1. e4 c5 2. Nc3 Nc6 3. f4 e6 4. Nf3 d6 5. Bb5 a6 6. Bxc6+ bxc6 7. O-O Ne7 8. d4
cxd4 9. Nxd4 g6 10. Be3 Bg7 11. Rb1 O-O 12. Qd2 c5 13. Nf3 Rb8 14. e5 Nf5 15.
exd6 Nxe3 16. Qxe3 Qxd6 17. Rfd1 Qe7 18. Ne5 Bxe5 19. Qxe5 Bb7 20. Ne4 Bxe4 21.
Qxe4 Qf6 22. c3 Rfd8 23. Qc4 Rxd1+ 24. Rxd1 Rxb2 25. Qxc5 Qxf4 26. Rd8+ Kg7 27.
Qf8+ Kf6 28. Qh8+ Kg5 29. h4+ Qxh4 30. Qe5+ Kh6 31. Qe3+ Qg5 32. Qxg5+ Kxg5 33.
Rd7 Kf6 0-1

[Event "AUTO-INT-1129"]
[Site "http://www.queenalice.com/game.php?id=646148"]
[Date "2009.9.2"]
[Round "2"]
[White "GameOver"]
[Black "wickedhardcore"]
[Result "1/2-1/2"]
[WhiteElo "1717"]
[BlackElo "1962"]

1. d4 Nf6 2. Nf3 d5 3. c3 Bg4 4. Bf4 e6 5. e3 Bd6 6. Bg3 Bxg3 7. hxg3 c6 8. Be2
Qb6 9. Qc2 Nbd7 10. Nbd2 c5 11. Nh4 Bxe2 12. Kxe2 Qb5+ 13. Ke1 cxd4 14. exd4 Rc8
15. Nb3 a5 16. a4 Qc6 17. Nxa5 Qc7 18. Nb3 b6 19. Nc1 Qc4 20. Nd3 Ne4 21. Nf3 b5
22. axb5 Qxb5 23. Nfe5 Nxe5 24. Nxe5 1/2-1/2

[Event "AUTO-INT-1129"]
[Site "http://www.queenalice.com/game.php?id=646149"]
[Date "2009.9.2"]
[Round "2"]
[White "wickedhardcore"]
[Black "GameOver"]
[Result "0-1"]
[WhiteElo "1888"]
[BlackElo "1727"]

1. e4 e6 2. d4 d5 3. Nd2 dxe4 4. Nxe4 Nd7 5. Nf3 Be7 6. Bc4 Ngf6 7. Nxf6+ Nxf6
8. O-O b6 9. Bb5+ Bd7 10. Bxd7+ Qxd7 11. Bf4 O-O 12. Ne5 Qd5 13. c4 Qb7 14. h3
Rad8 15. Qd3 c5 16. Rfd1 cxd4 17. Rac1 Ne4 18. Qf3 Nc5 19. Nd3 Qxf3 20. gxf3
Nxd3 21. Rxd3 Bc5 22. a3 a5 23. Rcd1 f6 24. Bd2 e5 25. b4 axb4 26. Bxb4 Rc8 27.
Rc1 Rf7 28. Bxc5 Rxc5 29. Rb3 Rc6 30. Rb4 Ra7 31. a4 Rac7 32. Kf1 Kf7 33. Ke2
Ke6 34. Kd3 Kf5 35. Rb5 Kf4 36. Ke2 Rxc4 37. Rxc4 Rxc4 38. Rxb6 Rxa4 39. Rb7 g5
40. Rxh7 Ra2+ 41. Ke1 Kxf3 42. Rf7 Ra6 43. Kd2 Kxf2 44. Kd3 Kg3 45. Rh7 Kf4 46.
Rh6 Ra3+ 47. Kd2 f5 48. Rh5 e4 49. h4 Rh3 50. Rxg5 Rxh4 51. Rg8 Rh2+ 52. Ke1 d3
53. Rd8 Ke3 54. Kf1 d2 55. Kg1 Re2 0-1

[Event "AUTO-INT-1129"]
[Site "http://www.queenalice.com/game.php?id=646150"]
[Date "2009.9.2"]
[Round "2"]
[White "ricardosf"]
[Black "wickedhardcore"]
[Result "0-1"]
[WhiteElo "1341"]
[BlackElo "1903"]

1. Nc3 g6 2. Nf3 Bg7 3. Ng5 h6 4. Nxf7 Kxf7 5. Nd5 e6 6. c4 exd5 7. cxd5 Nf6 8.
e3 d6 9. Bd3 Re8 10. f4 Na6 11. h4 Nc5 12. Bb5 Bd7 0-1

[Event "AUTO-INT-1129"]
[Site "http://www.queenalice.com/game.php?id=646151"]
[Date "2009.9.2"]
[Round "2"]
[White "wickedhardcore"]
[Black "ricardosf"]
[Result "1-0"]
[WhiteElo "1901"]
[BlackElo "1343"]

1. e4 Nf6 2. Bc4 Nc6 3. d3 Nd4 4. Nf3 Nxf3+ 5. Qxf3 c5 6. O-O e6 7. Bg5 h6 8.
Bh4 g5 9. Bg3 g4 10. Qf4 Nh5 11. Qxg4 Nxg3 12. fxg3 Bd6 13. Qg7 1-0

[Event "AUTO-ADV-1367"]
[Site "http://www.queenalice.com/game.php?id=660538"]
[Date "2009.9.30"]
[Round "2"]
[White "vindaloo"]
[Black "wickedhardcore"]
[Result "1-0"]
[WhiteElo "1800"]
[BlackElo "1966"]

1. e4 e5 2. Nf3 Nc6 3. Bc4 Bc5 4. c3 Nf6 5. b4 Bb6 6. d3 O-O 7. Bg5 h6 8. Be3
Bxe3 9. fxe3 d6 10. O-O Bg4 11. Nbd2 d5 12. exd5 Nxd5 13. Bxd5 Qxd5 14. Ne4 Rad8
15. Nf2 Bxf3 16. gxf3 Rd6 17. e4 Rg6+ 18. Kh1 Rd8 19. exd5 1-0

[Event "AUTO-ADV-1367"]
[Site "http://www.queenalice.com/game.php?id=660539"]
[Date "2009.9.30"]
[Round "2"]
[White "wickedhardcore"]
[Black "vindaloo"]
[Result "0-1"]
[WhiteElo "1952"]
[BlackElo "1856"]

1. e4 c5 2. Nc3 e6 3. d4 cxd4 4. Qxd4 Nc6 5. Qe3 e5 6. Nf3 d6 7. Bb5 Bd7 8. O-O
Nf6 9. Qg5 g6 10. Qh4 Bg7 11. Bh6 O-O 12. Bxg7 Kxg7 13. a3 a6 14. Bc4 Rc8 15.
Ba2 Bg4 16. Ng5 Qe7 17. Nd5 Nxd5 18. exd5 h5 19. dxc6 bxc6 20. Rae1 d5 21. h3
Bf5 22. g4 Be6 23. gxh5 gxh5 24. Qg3 Rg8 25. Qxe5+ Kf8 26. h4 Rg6 27. Kh2 Kg8
28. Rg1 Re8 29. Nxe6 Qxh4# 0-1

[Event "AUTO-ADV-1367"]
[Site "http://www.queenalice.com/game.php?id=660542"]
[Date "2009.9.30"]
[Round "2"]
[White "wickedhardcore"]
[Black "Savage_king"]
[Result "0-1"]
[WhiteElo "1905"]
[BlackElo "2090"]

1. e4 e5 2. Nf3 Nc6 3. Bb5 Nf6 4. Bxc6 dxc6 5. d3 Bd6 6. Bg5 h6 7. Bh4 Bg4 8.
O-O g5 9. Bg3 Nh5 10. h3 Bxf3 11. Qxf3 Nf4 12. Bxf4 gxf4 13. Qh5 Qd7 14. Nd2
O-O-O 15. Nc4 Rdg8 16. Kh2 Rg5 17. Qf3 Rhg8 18. Rg1 h5 19. a4 f6 20. Nxd6+ cxd6
21. b4 f5 22. exf5 Qxf5 23. b5 d5 24. bxc6 bxc6 25. c4 e4 26. dxe4 dxe4 27. Qa3
f3 28. g3 Qe5 29. Kh1 Qe6 30. Kh2 h4 31. g4 Kc7 32. Qc5 Rxc5 0-1

[Event "AUTO-ADV-1367"]
[Site "http://www.queenalice.com/game.php?id=660543"]
[Date "2009.9.30"]
[Round "2"]
[White "Savage_king"]
[Black "wickedhardcore"]
[Result "1-0"]
[WhiteElo "2099"]
[BlackElo "1896"]

1. e4 d5 2. exd5 Qxd5 3. Nc3 Qa5 4. d4 c6 5. Bc4 Nf6 6. Bf4 Bf5 7. Ne2 e6 8. O-O
Be7 9. Ng3 Bg6 10. a3 O-O 11. Qe2 Nbd7 12. Rfd1 Nd5 13. Nxd5 cxd5 14. b4 Qd8 15.
Bd3 Rc8 16. Rac1 Nb6 17. Nf1 Bxd3 18. cxd3 Bd6 19. Bxd6 Qxd6 20. Qe5 Qe7 21. Ne3
f6 22. Qg3 Rxc1 23. Rxc1 Rc8 24. Rxc8+ Nxc8 25. h4 Nd6 26. h5 Nf5 27. Qb8+ Kf7
28. Qxa7 Nxe3 29. fxe3 Qc7 30. Qc5 Qd7 31. b5 g6 32. b6 1-0

[Event "AUTO-OPEN-1339"]
[Site "http://www.queenalice.com/game.php?id=664787"]
[Date "2009.10.9"]
[Round "3"]
[White "gedanix"]
[Black "wickedhardcore"]
[Result "1-0"]
[WhiteElo "2023"]
[BlackElo "1771"]

1. e4 c5 2. Nf3 Nc6 3. d4 cxd4 4. Nxd4 g6 5. f4 Bg7 6. Be3 Nf6 7. Nc3 d6 8. Bb5
Bd7 9. Nxc6 bxc6 10. Ba4 Qa5 11. O-O Nxe4 12. Bd4 Nxc3 13. bxc3 Bxd4+ 14. Qxd4
O-O 15. Bb3 c5 16. Qd2 Be6 17. Qd3 Bf5 18. Qc4 Rab8 19. Rfe1 Be6 20. Qd3 Bxb3
21. cxb3 Qc7 22. Qe4 Rfe8 23. Re2 Rb7 24. Rae1 Qd7 25. c4 a5 26. Qe3 a4 27. bxa4
Qxa4 28. Qd3 Ra7 29. g4 Qc6 30. f5 Kg7 31. g5 Qd7 32. f6+ Kg8 33. Rxe7 Rxe7 34.
fxe7 1-0

[Event "AUTO-OPEN-1339"]
[Site "http://www.queenalice.com/game.php?id=664788"]
[Date "2009.10.9"]
[Round "3"]
[White "wickedhardcore"]
[Black "gedanix"]
[Result "0-1"]
[WhiteElo "1917"]
[BlackElo "1924"]

1. e4 e6 2. d4 d5 3. Nd2 c5 4. c3 Nc6 5. Ngf3 Qb6 6. Nb3 Nf6 7. e5 Ne4 8. Be3
cxd4 9. cxd4 Bb4+ 10. Nfd2 Bxd2+ 11. Nxd2 Qxb2 12. Nxe4 dxe4 13. Be2 Qc3+ 14.
Qd2 Qxa1+ 0-1

[Event "AUTO-OPEN-1339"]
[Site "http://www.queenalice.com/game.php?id=664789"]
[Date "2009.10.9"]
[Round "3"]
[White "biano"]
[Black "wickedhardcore"]
[Result "1-0"]
[WhiteElo "1830"]
[BlackElo "1752"]

1. e4 c5 2. Nf3 g6 3. d4 cxd4 4. Nxd4 Nc6 5. Nc3 Bg7 6. Be3 Nf6 7. Be2 O-O 8.
O-O d5 9. exd5 Nxd5 10. Nxd5 Qxd5 11. c3 Nxd4 12. cxd4 Bd7 13. b3 Bc6 14. Bf3
Qd6 15. Bxc6 1-0

[Event "AUTO-OPEN-1339"]
[Site "http://www.queenalice.com/game.php?id=664790"]
[Date "2009.10.9"]
[Round "3"]
[White "wickedhardcore"]
[Black "biano"]
[Result "0-1"]
[WhiteElo "1765"]
[BlackElo "1848"]

1. e4 e6 2. d4 d5 3. Nd2 Bb4 4. c3 Be7 5. Ngf3 Nf6 6. e5 Nfd7 7. Bd3 c5 8. O-O
O-O 9. Qc2 g6 10. dxc5 Bxc5 11. Nb3 Be7 12. Bf4 Nc5 13. Nxc5 Bxc5 14. Bh6 Re8
15. Bg5 Qc7 16. Qd2 Bf8 17. Bh6 Nd7 0-1